书目信息 |
| 题名: |
中国百科年鉴
|
|
| 作者: | ;中国大百科全书出版社《中国百科年鉴》编辑部 编 | |
| 分册: | 1980 | |
| 出版信息: | 北京 中国大百科全书出版社 1980 |
|
| 页数: | 702页 | |
| 开本: | 25cm | |
| 丛书名: | ||
| 单 册: | ||
| 中图分类: | Z52 | |
| 科图分类: | ||
| 主题词: | ||
| 电子资源: | ||
| ISBN: | ||
| 000 | 00848nam0 2200229 45 | |
| 001 | 0180003909 | |
| 005 | 20061125110538.60 | |
| 010 | @b精装(甲)@dCNY15.00 | |
| 091 | @a17197.7 | |
| 100 | @a19950610d1980 kemy0chiy0121 ea | |
| 101 | 0 | @achi |
| 102 | @aCN@b110000 | |
| 105 | @ay f 000yy | |
| 200 | 10 | @a中国百科年鉴@Azhong guo bai ke nian jian@h1980@f中国大百科全书出版社《中国百科年鉴》编辑部编@Fzhong guo da bai ke quan shu chu ban she《zhong guo bai ke nian jian》bian ji bu bian |
| 210 | @a北京@c中国大百科全书出版社@d1980 | |
| 215 | @a702页@d25cm | |
| 607 | @a中国@z1980@x年鉴 | |
| 690 | @aZ52@v3 | |
| 711 | 0 | @a中国大百科全书出版社《中国百科年鉴》编辑部@Azhong guo da bai ke quan shu chu ban she《zhong guo bai ke nian jian》bian ji bu@4编 |
| 801 | 0 | @aCN@bTSSF@c20061125 |
| 801 | 2 | @aCN@bNLC@c20060606 |
| 905 | @a10447@dZ52@e12(1980) | |
| 中国百科年鉴.1980/中国大百科全书出版社《中国百科年鉴》编辑部编.-北京:中国大百科全书出版社,1980 |
| 702页;25cm |
| ISBN (精装(甲)):CNY15.00 |
| ● |
| 相关链接 |
|
|
|
|
正题名:中国百科年鉴
索取号:Z52/12(1980)
 
预约/预借
| 序号 | 登录号 | 条形码 | 馆藏地/架位号 | 状态 | 备注 |
| 1 | 0034923 | 202129151 | 第二样本阅览室/ [索取号:Z52/12(1980)] | 在馆 | |
| 2 | 0420983 | 204209837 | 密集书库/ [索取号:Z52/12(1980)] | 在馆 | |
| 3 | 0421956 | 204219568 | 密集书库/ [索取号:Z52/12(1980)] | 在馆 |